Развитие и эффективное использование производственно-технической базы автотранспортных предприятий в десятой пятилетке (Запись № 3959255)

Подробности
000 -МАРКЕР
контрольное поле 01114nam2a22002531 4500
001 - ИДЕНТИФИКАТОР ЗАПИСИ
контрольное поле RU\NLR\INFOCOMM15\1000022521
005 - ИДЕНТИФИКАТОР ВЕРСИИ
контрольное поле 20031118155810.0
035 ## - ДРУГИЕ СИСТЕМНЫЕ НОМЕРА
Идентификатор записи (NLR Aleph) 002271798
100 ## - ДАННЫЕ ОБЩЕЙ ОБРАБОТКИ
Данные общей обработки 20031118d1980 |||y0rusy50 ca
101 0# - ЯЗЫК РЕСУРСА
Язык текста, звукозаписи и т.д. русский
102 ## - СТРАНА ПУБЛИКАЦИИ ИЛИ ПРОИЗВОДСТВА
Страна публикации Российская Федерация
105 ## - ПОЛЕ КОДИРОВАННЫХ ДАННЫХ: ТЕКСТОВЫЕ МАТЕРИАЛЫ, МОНОГРАФИЧЕСКИЕ
Кодированные данные о монографическом текстовом документе y |||||||||
200 1# - ЗАГЛАВИЕ И СВЕДЕНИЯ ОБ ОТВЕТСТВЕННОСТИ
Основное заглавие Развитие и эффективное использование производственно-технической базы автотранспортных предприятий в десятой пятилетке
Первые сведения об ответственности Газаев Ю.М.
210 ## - ПУБЛИКАЦИЯ, РАСПРОСТРАНЕНИЕ И ДР.
Дата издания, распространения и т.д. 1980
461 #0 - УРОВЕНЬ НАБОРА
Встроенное поле 001RU\NLR\INFOCOMM15\1000022519
-- 2001#$aАвтомобильный транспорт$eОбзор. информ.$hСерия 4$iТехническое обслуживание и ремонт автомобилей$fМ-во автомоб. трансп. РСФСР. ЦБНТИ$v1980 Вып.1
700 #1 - ИМЯ ЛИЦА - ПЕРВИЧНАЯ ОТВЕТСТВЕННОСТЬ
Начальный элемент ввода Газаев
Часть имени, кроме начального элемента ввода Ю. М.
Код отношения Автор
801 #0 - ИСТОЧНИК ЗАПИСИ
Страна Российская Федерация
Организация NLR
Правила каталогизации PSBO
801 #1 - ИСТОЧНИК ЗАПИСИ
Страна Российская Федерация
Организация InfoComm
Дата составления 20031118
852 ## - МЕСТОНАХОЖДЕНИЕ И ШИФР ХРАНЕНИЯ
Идентификатор организации NLR
Шифр хранения (Call Number) П10/5699
942 ## - ДОПОЛНИТЕЛЬНЫЕ ЭЛЕМЕНТЫ ЗАПИСИ (АБИС)
Тип экземпляра АБИС Выпуск
980 ## - КОЛЛЕКЦИЯ
Название коллекции Национальная библиография
980 ## - КОЛЛЕКЦИЯ
Название коллекции Русская периодика

Нет доступных экземпляров.